000 00646nam a2200217 i 4500
001 43523
003 ES-MaACL
005 20230906160822.0
007 t|
008 030318s1971 sp a |||| | spa d
100 1 _aCastro Vicente, Miguel de.
_936960
245 1 3 _aEl alternador
_b: [reparación y regulación] /
_cMiguel de Castro Vicente.
250 _a1ª ed.
260 _aBarcelona :
_bCeac,
_c1971.
300 _a381 p. :
_bil. ;
_c21 cm.
490 1 _aBiblioteca Ceac del automóvil
650 4 _aAlternadores.
_9165635
830 0 _aBiblioteca Ceac del automóvil
_9181990
852 _aES-MaACL
_jC-45634
999 _c43523
_d43523